| 000 | 01034nam a22002057a 4500 | ||
|---|---|---|---|
| 008 | 241018e20241017xxk|||||o|||| 00| 0 eng d | ||
| 041 | _aeng | ||
| 110 | _aRoyal Institution of Chartered Surveyors | ||
| 245 |
_aBridging Global and Local: _b The Growing Influence of RICS Qualifications in Japan’s Real Estate |
||
| 260 |
_bRoyal Institution of Chartered Surveyors, _c17 October 2024 |
||
| 520 | _aThis article explores the impact and relevance of RICS qualifications in the Japanese real estate market, comparing it with local credentials and highlighting its role in addressing emerging market trends. | ||
| 650 | _aPROFESSIONAL DEVELOPMENT | ||
| 650 | _aQUALIFICATIONS | ||
| 651 | _aJapan | ||
| 690 |
_aRICS _96277 |
||
| 700 | _aMizutani, Shigeko | ||
| 710 | _aRoyal Institution of Chartered Surveyors | ||
| 856 |
_uhttps://www.rics.org/news-insights/research-and-insights/bridging-global-and-local-the-growing-influence-of-rics-qualifications-in-japans-real-estate-valuation _zAvailable free on RICS.org |
||
| 942 | _n0 | ||
| 999 |
_c122030 _d122030 |
||